Quizzes
Events
Quiz Creation
Community
Videos
Private Events
Remove Ads
Sign In
Join for FREE
Feedback
Dark Mode
Quiz Categories
Sports
Geography
Music
Movies
Television
Just For Fun
Miscellaneous
History
Literature
Language
Science
Gaming
Entertainment
Religion
Holiday
For Kids
Quiz Lab
Recent
Popular Today
Quiz Kudos Today
Editor Picks
Curator Picks
Quizzes by...
Day
Popularity
Type
Ratings
Length
Year
Community
Subscriptions
Recent Discussions
Orange Saloon
Badges
Playlists
Quests
Create
Leaderboards
Showdown
Live 5
Trivia Bingo
Activity
Puzzle Library
Sporcle Events
Private Events
Virtual Trivia
Globe League
Become a Host
Pub Owners
SporcleCon
Opinionation
Our Games
Videos
Blog
Mobile Apps
Partnerships
Remove Ads and Go Orange
Feedback
Music
Pop Music
The Beatles
Song
Album
Lyrics
Bands
Singers
Artist
Clip
Rock
Rap
Classical
Billboard
Country Music
Kpop
Taylor Swift
Music
Pop Music
The Beatles
Song
Album
Lyrics
Bands
Singers
Artist
Clip
Rock
Rap
Classical
Billboard
Country Music
Kpop
Taylor Swift
Random Quiz
Search Sporcle
×
Quiz Lab
Quiz Lab
Music
Song
Type in answers that appear in a list
Type in answers that appear in a list
Classic
Best Score? Go Orange.
Iron Maiden Songs Stats
Can you name the Iron Maiden Songs?
By
Zaik
15m
133 Questions
97 Plays
97 Plays
97 Plays
Comments
Comments
Give Quiz Kudos
Give Quiz Kudos
-
- Ratings
hide this ad
Replay
Link that replays current quiz
Next Quiz
Link to next quiz in quiz playlist
You Got
0%
They Got
Avg Score
49%
Avg Friend Score
Upgrade to see
Score Distribution
Jump to the score distribution portion of the page
Score
0/133
Timer
15:00
0
Plays Today
Album
Songs
% Correct
Iron Maiden
Iron Maiden
89.7%
The Number of the Beast
The Number of the Beast
86.6%
Killers
Killers
84.5%
Powerslave
Powerslave
84.5%
Piece of Mind
The Trooper
82.5%
The Number of the Beast
Run to the Hills
79.4%
The Number of the Beast
Hallowed Be Thy Name
78.4%
Powerslave
Aces High
78.4%
Powerslave
2 Minutes to Midnight
75.3%
Powerslave
Rime of the Ancient Mariner
72.2%
Iron Maiden
Phantom of the Opera
70.1%
Piece of Mind
Flight of Icarus
70.1%
Seventh Son of a Seventh Son
Seventh Son of a Seventh Son
69.1%
Fear of the Dark
Fear of the Dark
69.1%
Iron Maiden
Running Free
68%
Iron Maiden
Charlotte the Harlot
68%
The Number of the Beast
Children of the Damned
68%
The Number of the Beast
The Prisoner
67%
Somewhere in Time
Wasted Years
67%
Killers
Wrathchild
66%
Piece of Mind
Die With Your Boots On
66%
The Number of the Beast
22 Acacia Avenue
64.9%
Piece of Mind
Where Eagles Dare
64.9%
Somewhere in Time
Caught Somewhere in Time
64.9%
Somewhere in Time
Caught Somewhere in Time
64.9%
Killers
Murders in the Rue Morgue
63.9%
The Number of the Beast
Invaders
62.9%
The Number of the Beast
Gangland
62.9%
Piece of Mind
Revelations
62.9%
Somewhere in Time
Alexander the Great
62.9%
Iron Maiden
Sanctuary
61.9%
Brave New World
Brave New World
61.9%
Iron Maiden
Prowler
60.8%
Seventh Son of a Seventh Son
Moonchild
60.8%
Powerslave
Flash of the Blade
59.8%
Seventh Son of a Seventh Son
Can I Play with Madness
59.8%
Dance of Death
Dance of Death
58.8%
Powerslave
Back in the Village
57.7%
Somewhere in Time
Sea of Madness
57.7%
Seventh Son of a Seventh Son
Infinite Dreams
57.7%
Seventh Son of a Seventh Son
The Evil That Men Do
57.7%
Seventh Son of a Seventh Son
The Clairvoyant
57.7%
Iron Maiden
Transylvania
56.7%
Somewhere in Time
Heaven Can Wait
56.7%
Piece of Mind
Still Life
55.7%
Album
Songs
% Correct
Piece of Mind
Sun and Steel
55.7%
Iron Maiden
Remember Tomorrow
53.6%
Killers
The Ides of March
53.6%
Killers
Genghis Khan
53.6%
Piece of Mind
To Tame a Land
53.6%
Somewhere in Time
Stranger in a Strange Land
53.6%
Brave New World
The Wicker Man
53.6%
Brave New World
Blood Brothers
53.6%
Powerslave
The Duellists
52.6%
Fear of the Dark
Be Quick or Be Dead
52.6%
Fear of the Dark
Afraid to Shoot Strangers
52.6%
Somewhere in Time
The Loneliness of the Long Distance Runner
51.5%
No Prayer for the Dying
Holy Smoke
51.5%
The X Factor
2 A.M.
51.5%
Piece of Mind
Quest for Fire
50.5%
No Prayer for the Dying
Bring Your Daughter... to the Slaughter
50.5%
Virtual XI
The Clansman
50.5%
Iron Maiden
Strange World
49.5%
Killers
Purgatory
49.5%
No Prayer for the Dying
No Prayer for the Dying
49.5%
Killers
Drifter
48.5%
Seventh Son of a Seventh Son
Only the Good Die Young
48.5%
No Prayer for the Dying
Mother Russia
48.5%
Fear of the Dark
Fear Is the Key
48.5%
Killers
Twilight Zone
47.4%
Seventh Son of a Seventh Son
The Prophecy
47.4%
No Prayer for the Dying
Tailgunner
47.4%
Dance of Death
Rainmaker
47.4%
Fear of the Dark
Wasting Love
46.4%
Brave New World
Dream of Mirrors
46.4%
Virtual XI
Futureal
45.4%
Brave New World
Ghost of the Navigator
45.4%
Dance of Death
Paschendale
44.3%
A Matter of Life and Death
Different World
44.3%
Fear of the Dark
From Here to Eternity
43.3%
Killers
Innocent Exile
42.3%
Killers
Prodigal Son
42.3%
Fear of the Dark
Judas Be My Guide
42.3%
The X Factor
Sign of the Cross
42.3%
The X Factor
Man on the Edge
42.3%
Brave New World
Out of the Silent Planet
42.3%
A Matter of Life and Death
The Reincarnation of Benjamin Breeg
42.3%
Fear of the Dark
Weekend Warrior
41.2%
Powerslave
Losfer Words (Big 'Orra)
40.2%
Dance of Death
No More Lies
40.2%
Album
Songs
% Correct
Killers
Another Life
39.2%
No Prayer for the Dying
Public Enema Number One
39.2%
No Prayer for the Dying
The Assassin
39.2%
The X Factor
Lord of the Flies
39.2%
Brave New World
The Mercenary
39.2%
Brave New World
The Fallen Angel
39.2%
Brave New World
The Nomad
39.2%
Dance of Death
Journeyman
39.2%
Virtual XI
The Angel and the Gambler
38.1%
Dance of Death
Face in the Sand
38.1%
A Matter of Life and Death
These Colours Don't Run
38.1%
Virtual XI
Como Estais Amigos
37.1%
Brave New World
The Thin Line Between Love and Hate
37.1%
No Prayer for the Dying
Run Silent Run Deep
36.1%
A Matter of Life and Death
The Pilgrim
36.1%
A Matter of Life and Death
Lord of Light
36.1%
Fear of the Dark
Chains of Misery
35.1%
Fear of the Dark
The Apparition
35.1%
Dance of Death
Wildest Dreams
35.1%
A Matter of Life and Death
The Legacy
35.1%
Fear of the Dark
Childhood's End
34%
Fear of the Dark
The Fugitive
34%
Virtual XI
When Two Worlds Collide
34%
A Matter of Life and Death
Brighter Than a Thousand Suns
34%
A Matter of Life and Death
The Longest Day
34%
A Matter of Life and Death
Out of the Shadows
34%
A Matter of Life and Death
For the Greater Good of God
34%
Virtual XI
Lightning Strikes Twice
33%
Virtual XI
Don't Look to the Eyes of a Stranger
30.9%
The X Factor
The Aftermath
29.9%
The X Factor
The Edge of Darkness
29.9%
The X Factor
The Unbeliever
29.9%
Virtual XI
The Educated Fool
28.9%
Dance of Death
New Frontier
28.9%
Dance of Death
Gates of Tomorrow
27.8%
Dance of Death
Age of Innocence
26.8%
No Prayer for the Dying
Fates Warning
24.7%
The X Factor
Judgement of Heaven
24.7%
The X Factor
Blood on the World's Hands
24.7%
The X Factor
Fortunes of War
21.6%
The X Factor
Look for the Truth
19.6%
Somewhere in Time
Déja Vu
9.3%
Dance of Death
Montségur
8.2%
Quiz Playlist
Details
Report
Send in Message
Add To Playlist
Classic:
Type in answers that appear in a list
Last Updated: Feb 16, 2017
Quiz Scoreboard
CHALLENGE
Sign Up to Join the Scoreboard
Show All
Scores
Hide
Comments
May contain spoilers
Recently Published
Movies - When Are They Set?
by FPL_Elf
Movies
5m
Popular People in 1961
by mucciniale
History
6m
1-10 Letter E Words III
by El_Dandy
Language
2m
More to Explore
Quiz From the Vault
Featured Blog Post
Where Did the Easter Bunny Come From?
hide this ad
You Might Also Like...
Tags
Song Quiz
iron
Iron Maiden
maiden
Today's Top Quizzes in Music
Browse Music
hide this ad
Today's Top Quizzes in Song
Browse Song
Top Contributed Quizzes in Music
1
Taylor Swift All Songs (2024)
2
2010s Album by Cover III
3
One Thing in Common: Music
4
Guess the Artist- 70s Songs
5
Taylor Swift Logic Puzzle
6
Guess the Taylor Swift song (Mystery Song)
7
2010s Album by Cover IV
8
2010s Album by Cover V
9
KPOP LOGIC QUIZ
10
2010s Album by Cover VI
Explore More
Trending Topics
Anime
Kpop
Harry Potter
Disney
Marvel
Crossword
NBA
Song
Country
Soccer
Pokémon
Puzzle
The Office
NFL
WWE
hide this ad
More By:
Zaik
Quiz
Plays
Rating
Category
Featured
Created
Iron Maiden Songs
97
3.33
Music
Apr 20, 2010
Dorito Flavors
63
3.00
Just For Fun
Apr 24, 2010
Go to Creator's Profile
Score Distribution
Quiz Creator Spotlight
Zaik
Follow
Send a Message
Quizzes Created
-
Created Quiz Play Count
-
More By This Creator
Popular Quizzes Today
1
Find the US States - No Outlines Minefield
2
Find the Countries of Europe - No Outlines Minefield
3
The Countries of the World
4
Popular People in 1961
5
1-10 Letter E Words III
6
US States
7
Find the US States
8
One Thing in Common: World Cities II
More Music Quizzes
Bands/Artists From Wales
Editor's Pick
Trending Quizzes
Risky Map Clicking: Least Populous States A-Z
1-10 Letter F Words
Humor Books: The Subtitles
1-10 Letter G Words
One Thing in Common: United Kingdom
Recently Updated
Leaping Animals
pecheneg
Reality TV Shows (A-Z)
bhenderson79
Rickey Henderson's Hall of Fame Teammates
pecheneg
Champions League XIs: Arsenal
pecheneg
Quick Pick: Celebrities in WWE's Hall of Fame
aduchscher
A-Z Keypad Blitz II
pecheneg
Multiple Oscar Actors
pecheneg
Mystery Phrase Blitz: Oscar 'Best Actors'
pecheneg
F. Scott Fitzgerald Novels
LTH
Pick 3 Villains
ddd62291
Trending Topics
Crossword
NBA
Disney
Kpop
Anime
Marvel
Harry Potter
The Office
Country
Pokémon
NFL
WWE
Puzzle
Song
Soccer
Your Account Isn't Verified!
In order to create a playlist on Sporcle, you need to verify the email address you used during registration. Go to your
Sporcle Settings
to finish the process.
Report this User
Report this user for behavior that violates our
Community Guidelines
.
Details:
Send Report
Go to the Sporcle.com Mobile Site →
Comments